005350000a220008500045001000023000002450057000233000047000805200277001277730045004041 aGaray, Juan Carlos10aUna heredera inesperada : Una cantaora de otra parte aVol.0, núm.19 (Abril, 2007), Página 38 aAunque nació en Santander y primero cantó bambucos, Diana Hernández parece ser la sucesora de cantaoras como Etelvina Maldonado o Petrona Martínez. Y lo demostró, con creces, en el pasado Festival de Viña del Mar. ¿Quién es esta joven música colombiana?0 tArcadia / Andrés Felipe Solano, Editor